000 00453nam a2200181 4500
020 _a9789347624698
082 _aM4
_bVIR/S
100 _aVirginia Woolf
245 _aSwanthamayoru muri/
_cby Virginia Woolf
260 _aKochi:
_bStory Slate,
_c2025.
300 _a157p.
650 _aEssay English Translation
650 _aEssays Malayalam
650 _aLiterature Malayalam
650 _aLiterature
700 _aSeema P (tr.)
942 _cBK
999 _c181598
_d181598